000
002540000a22000970004500
100
1
_a
Dege, Carlos Romeu
245
1
0
_a
Equipes de liturgia no Sínodo Noroeste Rio-Grandense
300
_a
Num. 6 (Diciembre, 2001), Página 14
773
0
_t
TEAR
942
_c
ANA
999
_c
55804
_d
55804